000 00336nam a22001457a 4500
020 _a978-81-264-2965-3
082 _a894.812
_bTHO/M
100 _aDr.JOSEPH E THOMAS
245 _aMANASUM VYAKTHITHAVUM
250 _aFIRST EDITION
260 _aKOTTAYAM
_bDC BOOKS
_c2011
300 _a107
650 _aPSCYCOLOGY
_zKERALA
942 _cBK
999 _c1174
_d1174